Schwarzenegger's comeback /
Gorde:
| Beste egile batzuk: | , |
|---|---|
| Formatua: | |
| Hizkuntza: | italiera |
| Argitaratua: |
[Milano] :
Ricordi,
1990
|
| Saila: | Parade. - Milano
|
| Etiketak: |
Etiketarik gabe, Izan zaitez lehena erregistro honi etiketa jartzen!
|
MARC
| LEADER | 00000ngm a22000007i 4500 | ||
|---|---|---|---|
| 001 | IT\ICCU\UBO\3369205 | ||
| 003 | ItRI | ||
| 005 | 20260124182809.0 | ||
| 008 | 080207s1990 it |||||||||||||||k|||||c | ||
| 028 | 4 | 2 | |a PAR2 |
| 040 | |b ita | ||
| 041 | 7 | |a ita |2 ISO-639-2 | |
| 130 | 0 | |a Schwarzenegger's comeback <film ; 1988> |3 IT\ICCU\UBO\3369208 | |
| 245 | 0 | 0 | |a Schwarzenegger's comeback / |c regia di Kip Laughlin. |
| 260 | |a [Milano] : |b Ricordi, |c 1990 | ||
| 300 | |a 1 videocassetta (VHS) (45 min. ca) : |b color., son | ||
| 500 | |a Tit. del contenitore | ||
| 500 | |a Film del 1988, prod. Australia; interpreti: Arnold Schwarzenegger. | ||
| 700 | 1 | |a Schwarzenegger, Arnold |0 IT\ICCU\RAVV\088740 | |
| 700 | 1 | |a Laughlin, Kip |0 IT\ICCU\UBOV\222708 | |
| 830 | 0 | |a Parade. - Milano |0 IT\ICCU\TO0\1091207 | |
| 942 | |2 ddc |c VM |n 0 | ||
| 952 | |0 0 |1 0 |4 0 |6 VO_342_000000000000000 |7 0 |9 26440 |a BO |b BO |d 2026-01-24 |i 6926 |l 0 |o VO 342 |p BO6926 |r 2026-01-24 18:28:09 |w 2026-01-24 |x [Sebina 5] [1 videocassetta] |y VM |z 1 videocassetta | ||
| 999 | |c 22348 |d 22348 | ||